Japan : Economic and Policy Developments.

Fiscal policy has been strongly expansionary for most of the past decade in Japan. The resulting strain on public finances has made stimulus policies more difficult to maintain. The stance of monetary policy has remained unchanged over the past year. Further progress in resolving banking problems is...

Täydet tiedot

Bibliografiset tiedot
Yhteisötekijä: International Monetary Fund
Aineistotyyppi: Aikakauslehti
Kieli:English
Julkaistu: Washington, D.C. : International Monetary Fund, 2000.
Sarja:IMF Staff Country Reports; Country Report ; No. 2000/143
Linkit:Full text available on IMF
LEADER 01555cas a2200241 a 4500
001 AALejournalIMF001339
008 230101c9999 xx r poo 0 0eng d
020 |c 5.00 USD 
020 |z 9781451820546 
022 |a 1934-7685 
040 |a BD-DhAAL  |c BD-DhAAL 
110 2 |a International Monetary Fund. 
245 1 0 |a Japan :   |b Economic and Policy Developments. 
264 1 |a Washington, D.C. :  |b International Monetary Fund,  |c 2000. 
300 |a 1 online resource (101 pages) 
490 1 |a IMF Staff Country Reports 
500 |a <strong>Off-Campus Access:</strong> No User ID or Password Required 
500 |a <strong>On-Campus Access:</strong> No User ID or Password Required 
506 |a Electronic access restricted to authorized BRAC University faculty, staff and students 
520 3 |a Fiscal policy has been strongly expansionary for most of the past decade in Japan. The resulting strain on public finances has made stimulus policies more difficult to maintain. The stance of monetary policy has remained unchanged over the past year. Further progress in resolving banking problems is essential given the plan to remove blanket deposit insurance in April 2002 and to lay the foundation for sustained growth. The paper discusses recent developments in the field of structural reform and deregulation in Japan. 
538 |a Mode of access: Internet 
830 0 |a IMF Staff Country Reports; Country Report ;  |v No. 2000/143 
856 4 0 |z Full text available on IMF  |u http://elibrary.imf.org/view/journals/002/2000/143/002.2000.issue-143-en.xml  |z IMF e-Library